Válasz Olay Csaba bírálatára
Elmentve itt :
| Szerző: | |
|---|---|
| További közreműködők: | |
| Adatforrás: | Philobibl |
| Forrásdokumentuma: | BUKSZ 2003:3. p. 215-217. |
| Dokumentumtípus: | Cikk |
| Nyelv: | magyar |
| LEADER | 00306nab a2200109 c 4500 | ||
|---|---|---|---|
| 001 | bibPHI0039289 | ||
| 005 | 20200924124137.5 | ||
| 008 | 100921s2003 hu hun | ||
| 100 | 1 | |a Schwendtner Tibor | |
| 245 | 1 | 0 | |a Válasz Olay Csaba bírálatára |c Schwendtner Tibor |
| 700 | 1 | |a Olay Csaba | |
| 773 | 0 | |t BUKSZ |g 2003:3. p. 215-217. | |